[Event "Staufer op 23rd"]
[Site "Leinzell"]
[Date "2011.01.02"]
[Round "2"]
[White "Wagner, Florian"]
[Black "Sancar, Kenan"]
[Result "1/2-1/2"]
[WhiteElo "2296"]
[BlackElo "2065"]
[PlyCount "106"]
[EventDate "2011.01.02"]
[EventType "swiss"]
[EventRounds "9"]
[EventCountry "GER"]
[SourceTitle "CBM 140 Extra"]
[Source "ChessBase"]
[SourceDate "2011.03.01"]
[SourceVersion "1"]
[SourceVersionDate "2011.03.01"]
[SourceQuality "1"]

1. e4 c5 2. Nf3 e6 3. d3 Nc6 4. g3 g6 5. Bg2 Bg7 6. c3 Nge7 7. Be3 b6 8. Qd2 Ba6 9. 0-0 0-0 10. Rd1 d5 11. exd5 Nxd5 12. Bh6 Rc8 13. Na3 Qe7 14. Nc2 Rfd8 15. Bxg7 Kxg7 16. Ne3 Nf6 17. Qc2 Bb7 18. Qa4 Rc7 19. Rd2 Rcd7 20. Rad1 h5 21. d4 cxd4 22. Nxd4 Nxd4 23. Rxd4 Bxg2 24. Kxg2 Rxd4 25. Rxd4 Qb7+ 26. f3 Rxd4 27. Qxd4 Qa6 28. Qc4 Qa5 29. a3 Qc5 30. Kf2 Ne8 31. Qa4 Qd6 32. Ke2 Qe7 33. Qd4+ e5 34. Qb4 Qe6 35. Kf2 Nf6 36. Qc4 Qd7 37. Qe2 e4 38. Kg2 h4 39. f4 h3+ 40. Kf2 Qd6 41. Ke1 Qc5 42. c4 a5 43. Qd2 a4 44. Qc3 Kg8 45. Kd2 Nd7 46. Kc2 Kh7 47. Qd2 Nb8 48. Kc3 Nc6 49. Ng4 Qa5+ 50. Kc2 Qf5 51. Ne3 Qc5 52. Kb1 Na5 53. Qc3 Nb3 1/2-1/2

[Event "Rhein Main op 12th"]
[Site "Bad Homburg"]
[Date "2009.06.14"]
[Round "7"]
[White "Desor, Helmut"]
[Black "Sancar, Kenan"]
[Result "1/2-1/2"]
[WhiteElo "1504"]
[BlackElo "1963"]
[PlyCount "62"]
[EventDate "2009.06.10"]
[EventType "swiss"]
[EventRounds "7"]
[EventCountry "GER"]
[SourceTitle "CBM 131 Extra"]
[Source "ChessBase"]
[SourceDate "2009.09.03"]
[SourceVersion "2"]
[SourceVersionDate "2009.09.16"]
[SourceQuality "1"]

1. c4 c5 2. Nc3 Nc6 3. Nf3 g6 4. d4 cxd4 5. Nxd4 Bg7 6. e3 Nf6 7. Be2 0-0 8. 0-0 d6 9. a3 a6 10. b4 Qc7 11. Bb2 Rd8 12. Nd5 Nxd5 13. cxd5 Nxd4 14. Bxd4 b5 15. Bxg7 Kxg7 16. Qd4+ f6 17. Rfc1 Qa7 18. Qxa7 Rxa7 19. Rc3 Bf5 20. Rac1 Raa8 21. Bd3 Bxd3 22. Rxd3 Rdc8 23. Rdc3 Rxc3 24. Rxc3 Ra7 25. e4 Kf7 26. f3 e6 27. dxe6+ Kxe6 28. Kf2 a5 29. bxa5 Rxa5 30. h4 h6 31. Ke3 Ra4 1/2-1/2

[Event "Staufer op 21st"]
[Site "Schwaebisch Gmuend"]
[Date "2009.01.02"]
[Round "1"]
[White "Sancar, Kenan"]
[Black "Philippe, Christophe"]
[Result "0-1"]
[WhiteElo "1906"]
[BlackElo "2458"]
[PlyCount "70"]
[EventDate "2009.01.02"]
[EventType "swiss"]
[EventRounds "9"]
[EventCountry "GER"]
[SourceTitle "CBM 128 Extra"]
[Source "ChessBase"]
[SourceDate "2009.03.05"]
[SourceVersion "2"]
[SourceVersionDate "2009.03.25"]
[SourceQuality "1"]

1. e4 c5 2. Nf3 e6 3. d4 cxd4 4. Nxd4 Nc6 5. Nc3 a6 6. Be3 Nf6 7. Bd3 d5 8. exd5 exd5 9. h3 Bd6 10. 0-0 0-0 11. Qf3 Ne5 12. Qe2 Re8 13. Rad1 h6 14. Rfe1 b5 15. Qd2 b4 16. Nce2 Qc7 17. b3 Nxd3 18. Qxd3 Ne4 19. Rc1 Bb7 20. c3 Qd7 21. Red1 Rac8 22. cxb4 Bxb4 23. Rxc8 Rxc8 24. Rc1 Re8 25. Bf4 Ba5 26. b4 Bb6 27. Qb3 Nd6 28. Qg3 Ne4 29. Qb3 Qe7 30. a4 Nxf2 31. a5 Bxd4 32. Nxd4 Ne4 33. Rc7 Qf6 34. Rxb7 Qxf4 35. Qxd5 Nc3 0-1

[Event "Korbach op-A 2nd"]
[Site "Korbach"]
[Date "2008.10.12"]
[Round "7"]
[White "Sancar, Kenan"]
[Black "Hoegy, Kevin"]
[Result "1/2-1/2"]
[WhiteElo "1906"]
[BlackElo "2101"]
[PlyCount "69"]
[EventDate "2008.10.09"]
[EventType "swiss"]
[EventRounds "7"]
[EventCountry "GER"]
[SourceTitle "EXT 2010"]
[Source "ChessBase"]
[SourceDate "2010.11.25"]
[SourceVersion "1"]
[SourceVersionDate "2010.11.25"]
[SourceQuality "1"]

1. e4 g6 2. d4 Bg7 3. c3 c6 4. Bd3 d5 5. exd5 cxd5 6. Bf4 Nc6 7. Nd2 Nf6 8. h3 0-0 9. Ngf3 Nd7 10. 0-0 e5 11. dxe5 Ndxe5 12. Bc2 Nxf3+ 13. Nxf3 d4 14. Bg5 Qb6 15. cxd4 Nxd4 16. Nxd4 Qxd4 17. Qxd4 Bxd4 18. Bh6 Bxb2 19. Bxf8 Bxa1 20. Bc5 Bf6 21. Be4 a6 22. a3 Kg7 23. Bd5 a5 24. Re1 Be6 25. Bxb7 Rb8 26. Bf3 Rb3 27. Re3 Rb5 28. Bd6 Rb1+ 29. Kh2 Bd4 30. Be5+ Bxe5+ 31. Rxe5 a4 32. Bc6 Bb3 33. Re4 Ra1 34. Bxa4 Rxa3 35. Bxb3 1/2-1/2

[Event "Korbach op-A 2nd"]
[Site "Korbach"]
[Date "2008.10.11"]
[Round "5"]
[White "Sancar, Kenan"]
[Black "Schatz, Christian"]
[Result "0-1"]
[WhiteElo "1906"]
[BlackElo "2204"]
[PlyCount "112"]
[EventDate "2008.10.09"]
[EventType "swiss"]
[EventRounds "7"]
[EventCountry "GER"]
[SourceTitle "EXT 2010"]
[Source "ChessBase"]
[SourceDate "2010.11.25"]
[SourceVersion "1"]
[SourceVersionDate "2010.11.25"]
[SourceQuality "1"]

1. e4 c5 2. Nf3 Nc6 3. d4 cxd4 4. Nxd4 g6 5. c4 Bg7 6. Nc2 d6 7. Be2 Nf6 8. Nc3 0-0 9. 0-0 Nd7 10. Bd2 a5 11. Bg4 Nce5 12. Bxd7 Bxd7 13. Ne3 Bc6 14. Qe2 Nd7 15. Rfd1 Nc5 16. Ned5 e6 17. Nf4 Bxc3 18. Bxc3 Nxe4 19. Qd3 Nxc3 20. Qxc3 Qg5 21. Qg3 Qxg3 22. hxg3 Rfd8 23. Rd2 Rd7 24. Rad1 Rad8 25. Kf1 d5 26. cxd5 Bxd5 27. Nxd5 Rxd5 28. Ke2 Kf8 29. Rxd5 Rxd5 30. Rc1 a4 31. Rc4 Rb5 32. Rc2 Rb4 33. Kd3 Kg7 34. Kc3 Rg4 35. Rd2 b5 36. Rd4 Rg5 37. a3 Rc5+ 38. Kd2 e5 39. Rb4 h5 40. Kd3 f5 41. Kd2 Kf6 42. Kd3 Ke6 43. f3 Kd5 44. b3 axb3 45. Rxb3 Kd6 46. Rb4 Rd5+ 47. Kc3 Kc5 48. Rb2 Rd4 49. Rb3 Rd1 50. Rb2 Rc1+ 51. Kb3 Re1 52. Rc2+ Kd4 53. Rd2+ Ke3 54. Rd5 Kf2 55. Rxb5 Kxg2 56. Rb6 Rb1+ 0-1

[Event "Rhein Main op 11th"]
[Site "Bad Homburg"]
[Date "2008.05.22"]
[Round "2"]
[White "Hoehler, Robin"]
[Black "Sancar, Kenan"]
[Result "0-1"]
[WhiteElo "1619"]
[BlackElo "1832"]
[PlyCount "64"]
[EventDate "2008.05.21"]
[EventType "swiss"]
[EventRounds "7"]
[EventCountry "GER"]
[SourceTitle "CBM 124 Extra"]
[Source "ChessBase"]
[SourceDate "2008.07.03"]
[SourceVersion "1"]
[SourceVersionDate "2008.07.03"]
[SourceQuality "1"]

1. d4 Nf6 2. c4 g6 3. Nc3 Bg7 4. e4 d6 5. f3 0-0 6. Be3 e5 7. d5 Nh5 8. Qd2 f5 9. exf5 gxf5 10. 0-0-0 Nd7 11. Bd3 b6 12. Nge2 Nc5 13. Bc2 a5 14. Rdg1 Qh4 15. b3 f4 16. Bxc5 bxc5 17. g3 Qe7 18. gxf4 Nxf4 19. Rg3 Kh8 20. Be4 Bh6 21. Kb2 Bd7 22. Qc2 Nh5 23. Rgg1 Qf7 24. Ng3 Nf4 25. Nce2 Nh3 26. Rb1 a4 27. Ng1 a3+ 28. Kc3 Nf4 29. Re1 Qe8 30. Qf2 Qb8 31. N1e2 Qb4+ 32. Kc2 Nh3 0-1

[Event "GER-chT WK 3 U16"]
[Site "Kiel"]
[Date "2007.05.17"]
[Round "5.1"]
[White "Sancar, Kenan"]
[Black "Brauer, Franz"]
[Result "0-1"]
[WhiteElo "1781"]
[BlackElo "1928"]
[PlyCount "114"]
[EventDate "2007.05.17"]
[EventType "team-swiss"]
[EventRounds "7"]
[EventCountry "GER"]
[SourceTitle "EXT 2008"]
[Source "ChessBase"]
[SourceDate "2007.11.25"]
[SourceVersion "1"]
[SourceVersionDate "2007.11.25"]
[SourceQuality "1"]

1. d4 d5 2. c4 c6 3. Nf3 Nf6 4. Nc3 e6 5. Bg5 Be7 6. e3 Nbd7 7. Bd3 dxc4 8. Bxc4 b5 9. Bd3 Bb7 10. 0-0 a6 11. Rc1 c5 12. Bb1 cxd4 13. Nxd4 Rc8 14. Qe2 0-0 15. Rfd1 Qb6 16. a3 Rfd8 17. f4 h6 18. Bh4 Re8 19. Bf2 e5 20. Nf5 exf4 21. exf4 Bc5 22. Bxc5 Qxc5+ 23. Qf2 Qxf2+ 24. Kxf2 Rc7 25. Nd6 Re7 26. Nxb7 Rxb7 27. Nd5 Re8 28. Nc7 Re7 29. Nxa6 g6 30. Nb4 Ng4+ 31. Kf3 Ndf6 32. Nd5 Nxd5 33. Rxd5 h5 34. Rd3 Nxh2+ 35. Kf2 Ng4+ 36. Kf1 Rbc7 37. Rxc7 Rxc7 38. Rc3 Rxc3 39. bxc3 Ne3+ 40. Ke2 Nd5 41. Kd2 Nxf4 42. c4 bxc4 43. a4 Nxg2 44. a5 Nf4 45. a6 Nd5 46. a7 Nc7 47. Kc3 Kf8 48. Kxc4 Ke7 49. Kc5 Kd8 50. Kd6 Nb5+ 51. Ke5 Nxa7 52. Kf6 h4 53. Kxf7 g5 54. Bf5 Nc6 55. Kg6 Ne7+ 56. Kxg5 Nxf5 57. Kxf5 Ke7 0-1

[Event "GER-ch op U25"]
[Site "Willingen"]
[Date "2006.06.06"]
[Round "6"]
[White "Sancar, Kenan"]
[Black "Jorczik, Andreas Carlos"]
[Result "0-1"]
[WhiteElo "1661"]
[BlackElo "1867"]
[PlyCount "126"]
[EventDate "2006.06.04"]
[EventType "swiss"]
[EventRounds "9"]
[EventCountry "GER"]
[SourceTitle "EXT 2007"]
[Source "ChessBase"]
[SourceDate "2006.11.23"]
[SourceVersion "1"]
[SourceVersionDate "2006.11.23"]
[SourceQuality "1"]

1. e4 c5 2. Nf3 e6 3. d4 cxd4 4. Nxd4 Nf6 5. Nc3 d6 6. Bg5 Be7 7. f4 a6 8. Be2 0-0 9. 0-0 Nc6 10. Bf3 Qb6 11. e5 dxe5 12. fxe5 Nxe5 13. Na4 Nxf3+ 14. Rxf3 Qa5 15. Bxf6 Bxf6 16. c3 Rd8 17. Qc2 Bd7 18. b3 Bxa4 19. bxa4 Qc5 20. Qf2 Bxd4 21. cxd4 Qxd4 22. Rf1 f6 23. Qxd4 Rxd4 24. Rb3 Rxa4 25. Rxb7 Rxa2 26. Rc1 Rd8 27. h3 Ra5 28. Rcc7 Rg5 29. Ra7 a5 30. h4 Rg4 31. Rxa5 Rxh4 32. Raa7 Rg4 33. Kf2 h5 34. Ra5 e5 35. Raa7 Rd2+ 36. Ke3 Rdxg2 37. Rc8+ Kh7 38. Raa8 R2g3+ 39. Kf2 h4 40. Rh8+ Kg6 41. Ra7 Kf5 42. Rh5+ Kf4 43. Ra4+ e4 44. Rh8 Rg2+ 45. Ke1 Rb2 46. Kf1 Kf3 47. Ra3+ e3 48. Rxe3+ Kxe3 49. Re8+ Re4 50. Rc8 Kf3 51. Rc3+ Re3 52. Rc1 h3 53. Kg1 Rg2+ 54. Kh1 Kg3 55. Rf1 Rf2 56. Rg1+ Kf3 57. Ra1 Rd2 58. Rg1 Ke2 59. Kh2 Kf3+ 60. Kh1 Ree2 61. Ra1 Rh2+ 62. Kg1 Rdg2+ 63. Kf1 Rh1# 0-1

[Event "GER-ch op U25"]
[Site "Willingen"]
[Date "2006.06.04"]
[Round "1"]
[White "Alt, Johannes"]
[Black "Sancar, Kenan"]
[Result "0-1"]
[WhiteElo "677"]
[BlackElo "1661"]
[PlyCount "24"]
[EventDate "2006.06.04"]
[EventType "swiss"]
[EventRounds "9"]
[EventCountry "GER"]
[SourceTitle "EXT 2007"]
[Source "ChessBase"]
[SourceDate "2006.11.23"]
[SourceVersion "1"]
[SourceVersionDate "2006.11.23"]
[SourceQuality "1"]

1. e4 d5 2. exd5 Qxd5 3. Nc3 Qd6 4. Nf3 Nf6 5. Bc4 a6 6. d4 b5 7. Bb3 Bb7 8. 0-0 e6 9. Ne5 c5 10. Bf4 c4 11. Nxf7 Qc6 12. Nxh8 Qxg2# 0-1

[Event "GER-ch op U25"]
[Site "Willingen"]
[Date "2006.06.04"]
[Round "3"]
[White "Bauer, Hermann"]
[Black "Sancar, Kenan"]
[Result "0-1"]
[WhiteElo "1022"]
[BlackElo "1661"]
[PlyCount "60"]
[EventDate "2006.06.04"]
[EventType "swiss"]
[EventRounds "9"]
[EventCountry "GER"]
[SourceTitle "EXT 2007"]
[Source "ChessBase"]
[SourceDate "2006.11.23"]
[SourceVersion "1"]
[SourceVersionDate "2006.11.23"]
[SourceQuality "1"]

1. d4 Nf6 2. Nd2 g6 3. e4 d6 4. g3 Bg7 5. Ne2 0-0 6. Bg2 Nbd7 7. c3 c5 8. 0-0 Rb8 9. a3 b6 10. Nc4 Qc7 11. d5 Ba6 12. Nd2 e6 13. c4 exd5 14. cxd5 Rfe8 15. Re1 Ne5 16. Nc3 Nd3 17. Re3 Nd7 18. Nf3 Nxc1 19. Rxc1 Bh6 20. Qe1 Nf6 21. h4 Ng4 22. Nh2 Nxe3 23. fxe3 Re7 24. Ng4 Bg7 25. Rc2 Rbe8 26. Rf2 Qd7 27. Bh3 Kh8 28. Kh2 f5 29. exf5 gxf5 30. Qf1 Bxf1 0-1

[Event "GER-ch op U25"]
[Site "Willingen"]
[Date "2006.06.04"]
[Round "2"]
[White "Sancar, Kenan"]
[Black "Albers, Damian"]
[Result "0-1"]
[WhiteElo "1661"]
[BlackElo "1978"]
[PlyCount "112"]
[EventDate "2006.06.04"]
[EventType "swiss"]
[EventRounds "9"]
[EventCountry "GER"]
[SourceTitle "EXT 2007"]
[Source "ChessBase"]
[SourceDate "2006.11.23"]
[SourceVersion "1"]
[SourceVersionDate "2006.11.23"]
[SourceQuality "1"]

1. e4 Nc6 2. d4 d5 3. Nc3 Nf6 4. e5 Nd7 5. Be3 Nb6 6. f4 h5 7. Be2 g6 8. Nf3 Bg4 9. 0-0 e6 10. Bf2 Be7 11. Qe1 Nb4 12. Rc1 Bxf3 13. Bxf3 Nc4 14. b3 Na3 15. Bd1 Rc8 16. Qe2 Qd7 17. Na4 Na6 18. Qe3 c5 19. c3 cxd4 20. cxd4 Rxc1 21. Qxc1 Qc7 22. Be2 Nc2 23. Bxa6 bxa6 24. Be1 Ba3 25. Qd2 Nxe1 26. Rxe1 0-0 27. Kf2 Rc8 28. g3 Qb7 29. Qd3 Qb5 30. Ke3 Kf8 31. Qe2 Rc6 32. Rd1 Bb4 33. Rd3 Rc1 34. Rd1 Qxe2+ 35. Kxe2 Rc2+ 36. Ke3 Rxh2 37. Nc5 Bxc5 38. dxc5 Rc2 39. Kd4 Ke7 40. a4 Kd7 41. b4 Rc4+ 42. Ke3 Rxb4 43. Rc1 Kc6 44. a5 Rb3+ 45. Kd4 Rxg3 46. Rb1 Rf3 47. Rb8 Rxf4+ 48. Kc3 Kxc5 49. Rc8+ Kb5 50. Rb8+ Kxa5 51. Kb3 Rf3+ 52. Ka2 h4 53. Rb2 h3 54. Rh2 Rg3 55. Kb1 Rg1+ 56. Kb2 Rg2+ 0-1

[Event "GER-ch U12"]
[Site "Willingen"]
[Date "2005.05.16"]
[Round "5"]
[White "Kotainy, Jens"]
[Black "Sancar, Kenan"]
[Result "1/2-1/2"]
[WhiteElo "1624"]
[BlackElo "1517"]
[PlyCount "85"]
[EventDate "2005.05.14"]
[EventType "swiss"]
[EventRounds "11"]
[EventCountry "GER"]
[SourceTitle "CBM 106 Extra"]
[Source "ChessBase"]
[SourceDate "2005.07.01"]
[SourceVersion "1"]
[SourceVersionDate "2005.07.01"]
[SourceQuality "1"]

1. e4 d5 2. exd5 Qxd5 3. Nc3 Qd6 4. d4 Nf6 5. Nf3 Nc6 6. Bb5 a6 7. Bxc6+ Qxc6 8. h3 Bf5 9. 0-0 e6 10. Bf4 Bg6 11. Ne5 Qb6 12. Rb1 0-0-0 13. Nxg6 hxg6 14. Ne2 Bd6 15. Bxd6 Rxd6 16. c3 Qa5 17. a4 e5 18. b4 Qd5 19. Qb3 exd4 20. cxd4 Qxb3 21. Rxb3 Re8 22. Re3 Rde6 23. Rxe6 Rxe6 24. Nc1 Re4 25. Rd1 Nd5 26. f3 Re3 27. Nd3 Nc3 28. Rd2 Nxa4 29. Ne5 f6 30. Nxg6 Kd7 31. Nf4 Rb3 32. Nh5 Rxb4 33. Nxg7 Rb1+ 34. Kf2 Nc3 35. Rc2 Rb3 36. h4 Ke7 37. Ke1 b5 38. Kd2 b4 39. Nf5+ Kf7 40. Ne3 Rb1 41. Rc1 Rxc1 42. Kxc1 a5 43. Kb2 1/2-1/2

[Event "GER-chT U12"]
[Site "Verden"]
[Date "2004.12.30"]
[Round "7.1"]
[White "Steinbach, Ulrich"]
[Black "Sancar, Kenan"]
[Result "0-1"]
[WhiteElo "1470"]
[BlackElo "1408"]
[PlyCount "90"]
[EventDate "2004.12.27"]
[EventType "team-swiss"]
[EventRounds "7"]
[EventCountry "GER"]
[SourceTitle "EXT 2006"]
[Source "ChessBase"]
[SourceDate "2005.11.24"]
[SourceVersion "1"]
[SourceVersionDate "2005.11.24"]
[SourceQuality "1"]

1. e4 d5 2. exd5 Qxd5 3. Nc3 Qd6 4. Nf3 Bg4 5. h3 Bh5 6. Be2 a6 7. 0-0 Nc6 8. d3 Nf6 9. Be3 e6 10. Qd2 h6 11. a3 g5 12. b4 g4 13. hxg4 Bxg4 14. Bc5 Qd7 15. Bxf8 Kxf8 16. Qf4 Qe7 17. Rfe1 h5 18. d4 Rd8 19. Rad1 Nd5 20. Nxd5 Rxd5 21. c4 Rf5 22. Qh2 Rg8 23. Kh1 Qf6 24. Ne5 Nxe5 25. dxe5 Qxe5 26. Bxg4 Qxh2+ 27. Kxh2 Rxg4 28. f3 Rxc4 29. Rd8+ Kg7 30. Rb8 Rb5 31. Re3 Rc2 32. Rd3 Rg5 33. Rxb7 Rgxg2+ 34. Kh3 e5 35. f4 e4 36. Rg3+ Rxg3+ 37. Kxg3 Rc3+ 38. Kf2 h4 39. b5 Rf3+ 40. Ke2 h3 41. bxa6 Rxa3 42. Rxc7 Rxa6 43. Rc1 Ra3 44. Rh1 Rf3 45. Rh2 Kf6 0-1

[Event "Karl Mala Memorial op 08th"]
[Site "Frankfurt"]
[Date "2004.07.24"]
[Round "5"]
[White "Remy, Janina"]
[Black "Sancar, Kenan"]
[Result "1-0"]
[WhiteElo "1633"]
[BlackElo "1381"]
[PlyCount "119"]
[EventDate "2004.07.22"]
[EventType "swiss"]
[EventRounds "7"]
[EventCountry "GER"]
[SourceTitle "EXT 2005"]
[Source "ChessBase"]
[SourceDate "2004.11.15"]
[SourceVersion "1"]
[SourceVersionDate "2004.11.15"]
[SourceQuality "1"]

1. c4 e5 2. g3 Nf6 3. Bg2 Bc5 4. Nc3 d6 5. Nf3 Bf5 6. d4 exd4 7. Nxd4 Bc8 8. 0-0 c6 9. a3 a5 10. Bf4 0-0 11. Nb3 Bf5 12. Nxc5 dxc5 13. Bd6 Re8 14. Bxc5 Qc7 15. Qa4 Na6 16. Bd4 Ne4 17. Nxe4 Bxe4 18. Be3 Bxg2 19. Kxg2 Re4 20. Qc2 Rae8 21. Rad1 c5 22. Rd2 Qc6 23. Kg1 Qe6 24. b3 h6 25. Rfd1 f5 26. Rd6 Qe5 27. Kg2 Rg4 28. R6d5 Qe4+ 29. Qxe4 fxe4 30. Bxc5 Nxc5 31. Rxc5 b6 32. Rc6 e3 33. f3 Rg5 34. Rxb6 Rc5 35. Rd5 Rxd5 36. cxd5 Rc8 37. f4 Kf7 38. Rb5 Rc2 39. Kf3 Rc3 40. Rxa5 Rxb3 41. Ra4 Rb5 42. Rd4 Ke7 43. d6+ Kd7 44. a4 Rb3 45. Rd3 Rxd3 46. exd3 e2 47. Kxe2 Kxd6 48. Ke3 Kd5 49. a5 Kc6 50. Ke4 Kb5 51. Kd5 Kxa5 52. Kc6 Ka6 53. d4 Ka7 54. d5 Kb8 55. Kd7 g5 56. f5 h5 57. f6 h4 58. f7 hxg3 59. f8Q+ Ka7 60. Kc7 1-0

[Event "GER-ch U12"]
[Site "Willingen"]
[Date "2004.06.01"]
[Round "6"]
[White "Hort, Maria"]
[Black "Sancar, Kenan"]
[Result "1-0"]
[WhiteElo "1082"]
[BlackElo "1367"]
[PlyCount "77"]
[EventDate "2004.06.??"]
[EventType "swiss"]
[EventRounds "11"]
[EventCountry "GER"]
[SourceTitle "EXT 2005"]
[Source "ChessBase"]
[SourceDate "2004.11.15"]
[SourceVersion "1"]
[SourceVersionDate "2004.11.15"]
[SourceQuality "1"]

1. e4 e5 2. Nf3 Nc6 3. Bc4 Bc5 4. b4 Bxb4 5. c3 Bc5 6. d4 exd4 7. 0-0 dxc3 8. Qb3 Qe7 9. Bg5 f6 10. Bh4 g5 11. Bg3 Na5 12. Qxc3 Nxc4 13. Qxc4 d6 14. Re1 Be6 15. Qb5+ c6 16. Qd3 h5 17. h4 0-0-0 18. Nc3 Bb6 19. a4 a6 20. Rab1 Ba7 21. Rb2 Nh6 22. Reb1 Rd7 23. Nd4 Bxd4 24. Qxd4 c5 25. Qd3 f5 26. exf5 Bxf5 27. Qd5 Bxb1 28. Rxb1 Re8 29. hxg5 Ng4 30. Qd2 Qe6 31. Nd5 Rf7 32. Nb6+ Kd8 33. Bxd6 Qe7 34. Bxe7+ Kxe7 35. Qd7+ Kf8 36. Qd3 Rxf2 37. Nd7+ Kf7 38. Qh7+ Ke6 39. Re1+ 1-0

[Event "GER-ch U12"]
[Site "Willingen"]
[Date "2004.05.31"]
[Round "5"]
[White "Sancar, Kenan"]
[Black "Schnieber, Jacqueline"]
[Result "0-1"]
[WhiteElo "1367"]
[BlackElo "1140"]
[PlyCount "100"]
[EventDate "2004.06.??"]
[EventType "swiss"]
[EventRounds "11"]
[EventCountry "GER"]
[SourceTitle "EXT 2005"]
[Source "ChessBase"]
[SourceDate "2004.11.15"]
[SourceVersion "1"]
[SourceVersionDate "2004.11.15"]
[SourceQuality "1"]

1. e4 e5 2. Nf3 Nc6 3. Bc4 Bc5 4. c3 Nf6 5. d3 d6 6. Be3 Qe7 7. Bxc5 dxc5 8. 0-0 Bg4 9. h3 Bh5 10. Nbd2 0-0 11. Qc2 Rad8 12. Rad1 a6 13. a4 Rd6 14. Rfe1 Nd7 15. Re3 Rg6 16. Kh1 Rd8 17. Rg1 Qf6 18. g4 Bxg4 19. Rxg4 Rh6 20. Rg3 Qf4 21. Kg2 Nf6 22. Ng5 Rf8 23. Qb3 Nd8 24. Ndf3 Nh5 25. Rg4 Qf6 26. Nh4 Nf4+ 27. Kg3 Nh5+ 28. Kg2 Nf4+ 29. Kg1 Rxh4 30. Rxh4 Qxg5+ 31. Rg4 Nxh3+ 32. Rxh3 Qxg4+ 33. Rg3 Qf4 34. Kg2 h5 35. Rf3 Qh6 36. Qd1 Kh8 37. Rh3 g6 38. d4 Qf4 39. f3 Ne6 40. d5 Ng5 41. Rg3 Rd8 42. Qg1 h4 43. Qh2 Kg7 44. Rxg5 Qxg5+ 45. Kh1 Rh8 46. b4 cxb4 47. cxb4 f6 48. Qc2 Qg3 49. Be2 h3 50. Bd1 h2 0-1

[Event "GER-ch U12"]
[Site "Willingen"]
[Date "2004.05.30"]
[Round "2"]
[White "Knoechel, Sarah"]
[Black "Sancar, Kenan"]
[Result "0-1"]
[WhiteElo "1211"]
[BlackElo "1367"]
[PlyCount "128"]
[EventDate "2004.06.??"]
[EventType "swiss"]
[EventRounds "11"]
[EventCountry "GER"]
[SourceTitle "EXT 2005"]
[Source "ChessBase"]
[SourceDate "2004.11.15"]
[SourceVersion "1"]
[SourceVersionDate "2004.11.15"]
[SourceQuality "1"]

1. e4 e5 2. Nf3 Nc6 3. Bb5 Bc5 4. 0-0 Nf6 5. h3 0-0 6. Re1 d6 7. c3 a6 8. Bc4 Be6 9. Bb3 Bxb3 10. axb3 Nd7 11. d4 exd4 12. cxd4 Bb6 13. Nc3 f5 14. Bg5 Qc8 15. Nd5 Kh8 16. Nxb6 Nxb6 17. e5 dxe5 18. dxe5 h6 19. Bf4 Qe6 20. Qc2 Rad8 21. Rad1 Rxd1 22. Rxd1 Nd5 23. Bg3 Ndb4 24. Qc3 Re8 25. Kh1 Qf7 26. Nd4 f4 27. Nxc6 Nxc6 28. Bh2 Rxe5 29. Qc4 Qxc4 30. bxc4 g5 31. b3 Re7 32. g3 f3 33. g4 Na5 34. Rb1 b5 35. b4 Nxc4 36. Rb3 Re1+ 37. Bg1 Nd2 38. Rd3 Re2 39. Rd8+ Kg7 40. Rd7+ Kf6 41. Rxc7 Nc4 42. Rc6+ Re6 43. Rxe6+ Kxe6 44. Bh2 a5 45. bxa5 Nxa5 46. Bc7 Nc4 47. Bb8 b4 48. Ba7 b3 49. Bd4 b2 50. Bxb2 Nxb2 51. Kh2 Ke5 52. Kg3 Ke4 53. h4 Nd3 54. h5 Ne5 55. Kh3 Kf4 56. Kh2 Kxg4 57. Kh1 Kh3 58. Kg1 Nd3 59. Kf1 g4 60. Kg1 Nxf2 61. Kxf2 g3+ 62. Kxf3 g2 63. Kf2 Kh2 64. Kf3 g1Q 0-1